[Event "Hessenliga 1921"]
[Site "Hessen"]
[Date "2019.12.01"]
[Round "4.3"]
[White "Spitzl, Vinzent"]
[Black "Rutkowski, Ingo"]
[Result "1/2-1/2"]
[WhiteElo "2281"]
[BlackElo "2157"]
[PlyCount "92"]
[EventDate "2019.09.22"]
[EventType "team-tourn"]
[EventRounds "9"]
[EventCountry "GER"]
[SourceTitle "EXT 2024"]
[Source "ChessBase"]
[SourceDate "2023.10.10"]
[SourceVersion "1"]
[SourceVersionDate "2023.10.10"]
[SourceQuality "1"]
[WhiteTeam "Griesheim II"]
[BlackTeam "Frankfurt TV"]
[WhiteTeamCountry "GER"]
[BlackTeamCountry "GER"]

1. e4 e5 2. Nf3 Nc6 3. Bb5 a6 4. Ba4 Nf6 5. 0-0 Nxe4 6. d4 b5 7. Bb3 d5 8. dxe5 Be6 9. c3 Bc5 10. Nbd2 0-0 11. Nxe4 dxe4 12. Ng5 Bxb3 13. Qxd8 Rfxd8 14. axb3 Nxe5 15. Nxe4 Bb6 16. Be3 Bxe3 17. fxe3 Nd3 18. Rfd1 f5 19. Ng5 Nc5 20. b4 h6 21. bxc5 hxg5 22. Kf2 Kf7 23. Kf3 Rxd1 24. Rxd1 Ke6 25. e4 g6 26. exf5+ gxf5 27. c6 Rf8 28. h3 a5 29. Rd7 Rf7 30. Rd8 b4 31. cxb4 axb4 32. Ke3 g4 33. Rd4 gxh3 34. gxh3 Rh7 35. h4 b3 36. Kd3 Ke5 37. Rd7 Rxh4 38. Rxc7 Kd6 39. Rf7 Kxc6 40. Rxf5 Kb6 41. Kc3 Rh3+ 42. Kb4 Rh4+ 43. Kxb3 Rh3+ 44. Ka4 Rh4+ 45. b4 Rh6 46. Rg5 Rf6 1/2-1/2

[Event "Hessenliga 1819"]
[Site "Hessen"]
[Date "2018.12.09"]
[Round "4.3"]
[White "Rutkowski, Ingo"]
[Black "Dunsbach, Ralf"]
[Result "1/2-1/2"]
[WhiteElo "2157"]
[BlackElo "2159"]
[PlyCount "41"]
[EventDate "2018.09.23"]
[EventType "team-tourn"]
[EventRounds "9"]
[EventCountry "GER"]
[SourceTitle "EXT 2020"]
[Source "ChessBase"]
[SourceDate "2019.10.17"]
[SourceVersion "1"]
[SourceVersionDate "2019.10.17"]
[SourceQuality "1"]
[WhiteTeam "Frankfurt TV"]
[BlackTeam "Bad Homburg"]
[WhiteTeamCountry "GER"]
[BlackTeamCountry "GER"]

1. e4 c5 2. Nf3 d6 3. d4 cxd4 4. Nxd4 Nf6 5. Nc3 g6 6. Be2 Bg7 7. 0-0 0-0 8. Bg5 Nc6 9. Nb3 Be6 10. Re1 Rc8 11. Bf1 Nd7 12. Qd2 Re8 13. Rab1 Nb6 14. Nd5 Ne5 15. c3 Nec4 16. Bxc4 Nxc4 17. Qe2 Nb6 18. Qb5 Bd7 19. Qe2 Be6 20. Qb5 Bd7 21. Qe2 1/2-1/2

[Event "Oberliga Ost-B 1617"]
[Site "Germany"]
[Date "2017.05.06"]
[Round "10.3"]
[White "Henrich, Thomas"]
[Black "Rutkowski, Ingo"]
[Result "1/2-1/2"]
[WhiteElo "2212"]
[BlackElo "2168"]
[PlyCount "147"]
[EventDate "2016.10.16"]
[EventType "team-tourn"]
[EventRounds "11"]
[EventCountry "GER"]
[SourceTitle "EXT 2018"]
[Source "ChessBase"]
[SourceDate "2017.10.13"]
[SourceVersion "1"]
[SourceVersionDate "2017.10.13"]
[SourceQuality "1"]
[WhiteTeam "Marburg"]
[BlackTeam "Frankfurt TV"]
[WhiteTeamCountry "GER"]
[BlackTeamCountry "GER"]

1. d4 d5 2. c4 e6 3. Nc3 c5 4. cxd5 exd5 5. Nf3 Nc6 6. Bg5 Be7 7. Bxe7 Ngxe7 8. dxc5 d4 9. Ne4 0-0 10. Rc1 Qd5 11. Nd6 Qxa2 12. Qd2 Qd5 13. b4 a6 14. g3 Nf5 15. e4 Qe6 16. Ng5 Qe7 17. Nxc8 Raxc8 18. Bh3 h6 19. Bxf5 hxg5 20. 0-0 Rcd8 21. Rce1 g6 22. Bh3 Qe5 23. Bg4 Kg7 24. f4 gxf4 25. gxf4 Qe7 26. Re2 Rh8 27. e5 Qh4 28. Rg2 d3 29. Rf3 Nd4 30. Re3 Nb3 31. Qb2 Nd4 32. Reg3 Ne2+ 33. Bxe2 dxe2 34. Qxe2 Qxf4 35. Rf2 Qxb4 36. Qf3 Rd7 37. Qf6+ Kg8 38. Rxg6+ fxg6 39. Qe6+ Kg7 40. Qxd7+ Kh6 41. Qh3+ Kg7 42. Qd7+ Kh6 43. Qh3+ Kg7 44. Qe3 Qg4+ 45. Kh1 Rd8 46. Rf1 Qc4 47. Kg1 Rd4 48. h3 Qxc5 49. Qf2 Rd5 50. e6 Qxf2+ 51. Rxf2 Rg5+ 52. Kh2 Rf5 53. Rb2 b5 54. Ra2 b4 55. Rxa6 Rb5 56. e7 Kf7 57. Rxg6 Kxe7 58. Rg1 Kd6 59. Rb1 b3 60. Kg3 Rb4 61. h4 Kc5 62. h5 Kc4 63. Kf4 Rb5 64. Rh1 b2 65. Rb1 Kc3 66. Kg4 Kc2 67. Rxb2+ Rxb2 68. Kg5 Kd3 69. h6 Ke4 70. h7 Rh2 71. Kg6 Ke5 72. Kg7 Rg2+ 73. Kf7 Rh2 74. Kg7 1/2-1/2

[Event "Oberliga Ost-B 0708"]
[Site "Germany"]
[Date "2007.11.04"]
[Round "3.8"]
[White "Rutkowski, Ingo"]
[Black "Mueller, Horst1111"]
[Result "1/2-1/2"]
[WhiteElo "2177"]
[BlackElo "2202"]
[PlyCount "59"]
[EventDate "2007.10.07"]
[EventType "team-tourn"]
[EventRounds "11"]
[EventCountry "GER"]
[SourceTitle "EXT 2009"]
[Source "ChessBase"]
[SourceDate "2008.11.26"]
[SourceVersion "1"]
[SourceVersionDate "2008.11.26"]
[SourceQuality "1"]
[WhiteTeam "Hofheim II"]
[BlackTeam "Offenbach"]
[WhiteTeamCountry "GER"]
[BlackTeamCountry "GER"]

1. e4 c5 2. Nf3 d6 3. d4 cxd4 4. Nxd4 Nf6 5. Nc3 a6 6. Bc4 e6 7. Bb3 Nbd7 8. f4 Nc5 9. f5 e5 10. Nde2 Nxb3 11. axb3 h6 12. Ng3 Be7 13. Nh5 Nxh5 14. Qxh5 Bd7 15. Be3 Bg5 16. Bxg5 Qxg5 17. Qxg5 hxg5 18. Rd1 Rh6 19. 0-0 Bc6 20. f6 Rxf6 21. Rxf6 gxf6 22. Rxd6 Ke7 23. Rd2 Ke6 24. g4 Rh8 25. Kg2 Rh4 26. Kg3 Rh8 27. Rd3 Rc8 28. Kf2 Rh8 29. Kg3 Rc8 30. Kf2 1/2-1/2

[Event "Frankfurt-ch"]
[Site "Frankfurt"]
[Date "2004.06.07"]
[Round "6"]
[White "Orwatsch, Gerhard"]
[Black "Rutkowski, Ingo"]
[Result "1-0"]
[WhiteElo "2142"]
[BlackElo "2176"]
[PlyCount "94"]
[EventDate "2004.05.02"]
[EventType "swiss"]
[EventRounds "7"]
[EventCountry "GER"]
[SourceTitle "EXT 2005"]
[Source "ChessBase"]
[SourceDate "2004.11.15"]
[SourceVersion "1"]
[SourceVersionDate "2004.11.15"]
[SourceQuality "1"]

1. d4 g6 2. Nf3 Bg7 3. Bf4 d6 4. e3 Nd7 5. c3 e5 6. dxe5 dxe5 7. Bg3 Ne7 8. h3 Nf5 9. Bh2 Nd6 10. Nbd2 Qe7 11. Nc4 Nxc4 12. Bxc4 0-0 13. 0-0 Nc5 14. Qe2 Bf5 15. Rfd1 c6 16. g4 Be4 17. Nd2 Bd5 18. e4 Be6 19. Nb3 Bxc4 20. Qxc4 Ne6 21. Bg3 Rfe8 22. a4 Bh6 23. Kg2 Bf4 24. Rd3 Red8 25. Rad1 Rxd3 26. Rxd3 h5 27. Qb4 Qxb4 28. cxb4 Bxg3 29. Kxg3 hxg4 30. hxg4 Kf8 31. Nc5 Nxc5 32. bxc5 Ke7 33. f4 exf4+ 34. Kxf4 Rc8 35. a5 a6 36. Ke5 f6+ 37. Kf4 Rd8 38. Rxd8 Kxd8 39. e5 Ke7 40. exf6+ Kxf6 41. g5+ Ke6 42. Ke4 Kf7 43. Ke5 Ke7 44. b3 Kf7 45. Kd6 Kf8 46. Kc7 Ke7 47. Kxb7 Ke6 1-0

[Event "Frankfurt-ch"]
[Site "Frankfurt"]
[Date "2004.05.10"]
[Round "3"]
[White "Rutkowski, Ingo"]
[Black "Escher, Helmut"]
[Result "1/2-1/2"]
[WhiteElo "2176"]
[BlackElo "2102"]
[PlyCount "80"]
[EventDate "2004.05.02"]
[EventType "swiss"]
[EventRounds "7"]
[EventCountry "GER"]
[SourceTitle "EXT 2005"]
[Source "ChessBase"]
[SourceDate "2004.11.15"]
[SourceVersion "1"]
[SourceVersionDate "2004.11.15"]
[SourceQuality "1"]

1. e4 d5 2. exd5 Qxd5 3. Nc3 Qa5 4. d4 c6 5. Nf3 Nf6 6. Bd2 Qc7 7. Bc4 e6 8. Qe2 Be7 9. 0-0 Nbd7 10. Rfe1 Nb6 11. Bd3 Nbd5 12. a3 Nf4 13. Bxf4 Qxf4 14. Rad1 0-0 15. Ne5 Rd8 16. g3 Qh6 17. Ne4 Nxe4 18. Bxe4 g6 19. c4 Qg7 20. Bg2 Bf6 21. b4 Bd7 22. f4 Be8 23. d5 exd5 24. cxd5 Rac8 25. Bh3 Rb8 26. Bg2 cxd5 27. Bxd5 Qf8 28. Qe4 Bxe5 29. fxe5 Qe7 30. Rf1 Bc6 31. Bxc6 bxc6 32. Qxc6 Qxe5 33. Qf3 Qe6 34. Qf2 a6 35. Qa7 Ra8 36. Qf2 Rxd1 37. Rxd1 Re8 38. Rf1 f5 39. Rd1 Qb3 40. Re1 Rxe1+ 1/2-1/2

[Event "Bad Wildbad op 3rd"]
[Site "Bad Wildbad"]
[Date "2002.10.07"]
[Round "3"]
[White "Delchev, Aleksander"]
[Black "Rutkowski, Ingo"]
[Result "1-0"]
[WhiteElo "2560"]
[BlackElo "2205"]
[PlyCount "61"]
[EventDate "2002.10.05"]
[EventType "swiss"]
[EventRounds "9"]
[EventCountry "GER"]
[SourceTitle "CBM 090 Extra"]
[Source "ChessBase"]
[SourceDate "2002.11.07"]
[SourceVersion "1"]
[SourceVersionDate "2002.11.07"]
[SourceQuality "1"]

1. d4 Nf6 2. c4 g6 3. Nc3 Bg7 4. e4 0-0 5. Bd3 d6 6. Nge2 Nc6 7. 0-0 Nh5 8. Bc2 e5 9. d5 Ne7 10. Rb1 f5 11. exf5 Nxf5 12. Ne4 Bh6 13. Bxh6 Nxh6 14. Qd2 Nf4 15. Nxf4 exf4 16. f3 Qh4 17. c5 Nf5 18. Rfc1 Bd7 19. Bb3 Rae8 20. cxd6 Rxe4 21. fxe4 Ne3 22. dxc7 Ng4 23. d6+ Kg7 24. g3 fxg3 25. Qc3+ Nf6 26. hxg3 Qxe4 27. Re1 Qg4 28. Re7+ Kh6 29. Rf1 Bc6 30. Qd2+ g5 31. Rxf6+ 1-0

[Event "Karl Mala Memorial op 06th"]
[Site "Griesheim"]
[Date "2002.08.04"]
[Round "6"]
[White "Diehm, Alexander"]
[Black "Rutkowski, Ingo"]
[Result "1/2-1/2"]
[WhiteElo "2025"]
[BlackElo "2218"]
[PlyCount "70"]
[EventDate "2002.08.??"]
[EventType "swiss"]
[EventRounds "7"]
[EventCountry "GER"]
[SourceTitle "EXT 2003"]
[Source "ChessBase"]
[SourceDate "2002.11.25"]
[SourceVersion "1"]
[SourceVersionDate "2002.11.25"]
[SourceQuality "1"]

1. d4 g6 2. c4 Bg7 3. Nc3 c5 4. Nf3 cxd4 5. Nxd4 Nc6 6. e3 Nf6 7. Be2 0-0 8. 0-0 d5 9. Nxc6 bxc6 10. Bf3 Ba6 11. Qc2 Bxc4 12. Rd1 Rc8 13. b3 Ba6 14. Bb2 Nd7 15. Rac1 e6 16. Ne2 Ne5 17. Bxe5 Bxe5 18. Ng3 Qd6 19. Be2 Qa3 20. f4 Bd6 21. Rd4 Bb5 22. Bxb5 cxb5 23. Qxc8 Rxc8 24. Rxc8+ Kg7 25. Rc2 Bc5 26. Rd3 Qb4 27. Kf1 a5 28. Ke2 h5 29. Nf1 Bb6 30. Nd2 g5 31. g3 g4 32. Rc6 Bc5 33. f5 Kf6 34. fxe6 fxe6 35. Rxd5 Bf8 1/2-1/2

[Event "Frankfurt-ch"]
[Site "Frankfurt"]
[Date "2001.06.18"]
[Round "7"]
[White "Rutkowski, Ingo"]
[Black "Telljohann, Sven"]
[Result "0-1"]
[WhiteElo "2219"]
[BlackElo "2418"]
[PlyCount "118"]
[EventDate "2001.04.??"]
[EventType "swiss"]
[EventRounds "7"]
[EventCountry "GER"]
[SourceTitle "EXT 2002"]
[Source "ChessBase"]
[SourceDate "2001.11.25"]
[SourceVersion "1"]
[SourceVersionDate "2001.11.25"]
[SourceQuality "1"]

1. e4 c5 2. Nf3 Nc6 3. Bb5 g6 4. Bxc6 dxc6 5. d3 Bg7 6. h3 Nf6 7. Nc3 0-0 8. Be3 b6 9. Qd2 Ne8 10. Bh6 Nc7 11. Nh2 Ne6 12. 0-0-0 Qd6 13. Bxg7 Kxg7 14. g3 Nd4 15. Ng4 f5 16. Qh6+ Kg8 17. exf5 gxf5 18. Qg5+ Kh8 19. Ne3 Rg8 20. Qh5 b5 21. Rde1 Be6 22. Qh6 Rg6 23. Qf4 Qxf4 24. gxf4 Nf3 25. Rd1 Kg7 26. Ne2 Kf6 27. Ng3 Rh6 28. a3 a5 29. Rdf1 Rd8 30. h4 Rxh4 31. Rxh4 Nxh4 32. Rh1 Ng6 33. Rxh7 Nxf4 34. Rh6+ Ke5 35. Rh7 Rd7 36. Rh8 a4 37. Rc8 Rd6 38. Re8 Ng6 39. Nh5 f4 40. Nd1 Bg4 41. Ng7 Kf6 42. Nc3 Kxg7 43. Ne4 Rd5 44. Kd2 Bf3 45. Nc3 Rh5 46. b3 axb3 47. cxb3 Rh2 48. a4 Rxf2+ 49. Kc1 b4 50. Nb1 Kf7 51. Rd8 Rf1+ 52. Kb2 Bd5 53. a5 Ne5 54. Nd2 Nxd3+ 55. Kc2 Ne1+ 56. Kd1 Rh1 57. Ke2 f3+ 58. Ke3 Nc2+ 59. Kd3 Nd4 0-1